Logo BPK

Biblioteka

Politechniki Koszalińskiej

Das Käthchen von Heilbronn oder die Feuerprobe : (Rekord nr 45946)

Szczegóły MARC
000 -ETYKIETA REKORDU
podpole kontrolne o stałej długości 00836nam a2200241 i 4500
001 - NUMER KONTROLNY REKORDU
pole kontrolne bg
020 ## - MIĘDZYNARODOWY ZNORMALIZOWANY NUMER KSIĄŻKI - ISBN
ISBN 3150000408
040 ## - ŹRÓDŁO KATALOGOWANIA
Instytucja, która utworzyła rekord BPK
041 0# - KOD JĘZYKA
Kod języka tekstu ger
080 ## - UNIWERSALNA KLASYFIKACJA DZIESIĘTNA - UKD
UKD 821.112.2-2
920 ## - Międzynarodowy znormalizowany numer książki – ISBN
ISBN 3-15-000040-8
008 - POLE O STAŁEJ DŁUGOŚCI - DANE KONTROLNE
podpole kontrolne o stałej długości s pl f |000 0 pol
100 1# - NAZWA OSOBOWA
Nazwa osobowa KLEIST, Heinrich von
Daty związane z nazwą (1777-1811)
245 10 - TYTUŁ/ODPOWIEDZIALNOŚĆ
Tytuł Das Käthchen von Heilbronn oder die Feuerprobe :
Ciąg dalszy tytułu ein grosses historisches Ritterschauspiel /
Pozostałe elementy strefy tytułu i oznaczenia odpowiedzialności Heinrich von Kleist ; Anm. von Dirk Grathoff.
260 ## - STREFA ADRESU WYDAWNICZEGO
Miejsce wydania Stuttgart :
Nazwa wydawcy/dystrybutora Philipp Reclam,
Data publikacji, dystrybucji/powstania dokumentu 2003.
300 ## - STREFA OPISU FIZYCZNEGO
Objętość 127 s. ;
Rozmiary 15 cm.
490 1# - STREFA SERII I DOKUMENTU WIELOCZĘŚCIOWEGO - FORMA NIE DO WYSZUKIWANIA
Tytuł i oznaczenie odpowiedzialności serii Universal-Bibliothek ;
Numeracja w obrębie serii Nr 40
650 #9 - HASŁO PRZEDMIOTOWE W FORMIE NAZWY OGÓLNEJ LUB JEDNOSTKOWEJ
Nazwa ogólna lub geograficzna Dramat niemiecki
Określnik chronologiczny 19 w.
700 1# - HASŁO DODATKOWE - NAZWA OSOBOWA
Nazwa osobowa GRATHOFF, Dirk
830 ## - HASŁO DODATKOWE SERII LUB DOKUMENTU WIELOCZĘŚCIOWEGO - TYTUŁ UJEDNOLICONY
Tytuł ujednolicony Universal-Bibliothek ;
856 ## - LOKALIZACJA I DOSTĘP DO ELEKTRONICZNYCH DOKUMENTÓW ZDALNYCH
Link (URL) http://koha.tu.koszalin.pl/cgi-bin/koha/opac-detail.pl?biblionumber=45946
Tekst linku Katalog online BPK
942 ## - DODATKOWE ELEMENTY (KOHA)
Typ dokumentu Książka
Egzemplarze
Wycofany Status egzemplarza Uszkodzony Dostępność Lokalizacja stała Lokalizacja bieżąca Miejsce przechowywania Sygnatura Kod kreskowy Typ dokumentu
      Dostępny Biblioteka Politechniki Koszalińskiej Biblioteka Politechniki Koszalińskiej Wypożyczalnia BG 75323 02256542 Książka
      Dostępny Biblioteka Politechniki Koszalińskiej Biblioteka Politechniki Koszalińskiej Wypożyczalnia BG 75324 02256535 Książka
      Dostępny Biblioteka Politechniki Koszalińskiej Biblioteka Politechniki Koszalińskiej Wypożyczalnia BG 75325 02256528 Książka
© 2023 Biblioteka Politechniki Koszalińskiej :: KOHA